- Moguel, Julio,
Entry Nombre Personal
001 - NUMERO DE CONTROL
- campo de control: 29338
003 - IDENTIFICADOR DE NUMERO DE CONTROL
- campo de control: DLC
005 - FECHA Y HORA DE LA ÜLTIMA TRANSACCIÓN
- campo de control: 20220808120654.0
008 - DATOS DE LONGITUD FIJA
- campo de control de longitud fija: 220808n| azannaabn |a aaa
010 ## - NÚMERO DE CONTROL DE LA BIBLIOTECA DEL CONGRESO
- Número de control LC: n 80002697
035 ## - NUMERO DE CONTROL
- Número de control: (OCoLC)oca00385379
040 ## - FUENTE DE CATALOGACIÓN
- Agencia original de catalogación: DLC
- Lenguaje de catalogación: spa
- Description conventions: rda
- Agencia de transcripción: DLC
- Agencia que lo modifica: DLC
- Agencia que lo modifica: NjP
- Agencia que lo modifica: DLC
- Agencia que lo modifica: UPB
- Agencia que lo modifica: DLC
- Agencia que lo modifica: UPB
- Agencia que lo modifica: MX-MxUPN
046 ## - FECHAS CON CODIFICACIÓN ESPECIAL
- Fecha de nacimiento: 1950
053 #0 - NÚMERO DE CLASIFICACIÓN LC
- Número de clasificación elemento-número único o número inicial de tramo: PQ7298.423.O365
100 1# - ENCABEZAMIENTO - NOMBRE PERSONAL
- Nombre personal: Moguel, Julio,
- Fechas asociadas con el nombre: 1950-
370 ## - LUGAR ASOCIADO
- Place of birth: Ciudad de México (México)
- Fuente del término: naf
373 ## - GRUPO ASOCIADO
- Associated group: Universidad Nacional Autónoma de México
- Fuente del término: naf
374 ## - OCUPACIÓN
- Occupation: Economista
- Occupation: Profesor universitario
- Occupation: Investigador
- Fuente del término: lcsh
375 ## - GÉNERO
- Gender: masculino
377 ## - LENGUA ASOCIADA
- Language code: spa
378 ## - FORMA COMPLETA DE NOMBRE PERSONAL
- Fuller form of personal name: Moguel V.
400 1# - VEÁSE - NOMBRE DE PERSONA
- Personal name: Moguel, Julio
- Fuller form of name: (Moguel V.),
- Dates associated with a name: 1950-
400 1# - VEÁSE - NOMBRE DE PERSONA
- Personal name: Moguel V., Julio
670 ## - FUENTE EN LA QUE SE LOCALIZARON DATOS
- Cita de la fuente: Santa Gertrudis, testimonios de una lucha campesina, 1979:
- Información localizada: portada (Julio Moguel)
670 ## - FUENTE EN LA QUE SE LOCALIZARON DATOS
- Cita de la fuente: Historia de la cuestión agraria mexicana, 1988-1990:
- Información localizada: v. 9, pt. 1, portada (Julio Moguel) página 4 de la cubierta (profesor-investigador de la Escuela Nacional de Estudios Profesionales (ENEP-UNAM))
670 ## - FUENTE EN LA QUE SE LOCALIZARON DATOS
- Cita de la fuente: La violencia del oro negro en Mecoacán, Tab., 1994:
- Información localizada: portada (Julio Moguel V.)
670 ## - FUENTE EN LA QUE SE LOCALIZARON DATOS
- Cita de la fuente: Juan Rulfo, 2010:
- Información localizada: portada (Julio Moguel) solapa (n. 1950, Ciudad de México; economista)
902 ## - CATALOGADOR
- Catalogador: NDAF/080822
